| 000 | 00829nam a2200241 a 4500 | ||
|---|---|---|---|
| 001 | 12995 | ||
| 003 | BD-JhCC | ||
| 005 | 20230612085312.0 | ||
| 008 | 230612b19782017b ||||| ||a| 00| 0 b d | ||
| 020 | _a9788170669210 | ||
| 035 | _a(BD-JhCC)12995 | ||
| 040 |
_aBD-JhCC _dBD-JhCC |
||
| 041 | _aeng | ||
| 082 |
_a891.443 _bGAN 2017 |
||
| 100 | _a গঙ্গোপাধ্যায়, সুনীল | ||
| 245 |
_aসবুজ দ্বীপের রাজা / _cসুনীল গঙ্গোপাধ্যায় |
||
| 260 |
_aকলিকাতা _bআনন্দ পাবলিশার্স প্রাইভেট লি: _c2017 |
||
| 300 |
_a128 p. : _c18 cm. |
||
| 600 | _aসবুজ দ্বীপের রাজা / | ||
| 650 |
_aBengali Novel _zIndia |
||
| 942 |
_2ddc _cBK |
||
| 999 |
_c12995 _d12995 |
||